[Event "ESP-ch U12"]
[Site "Salobrena"]
[Date "2021.07.09"]
[Round "7"]
[White "Hernandez Tellez, Ada Angela"]
[Black "Yeghikyan, Yeva"]
[Result "0-1"]
[WhiteElo "1312"]
[BlackElo "1184"]
[PlyCount "134"]
[EventDate "2021.07.05"]
[EventType "swiss"]
[EventRounds "9"]
[EventCountry "ESP"]
[SourceTitle "EXT 2022"]
[Source "ChessBase"]
[SourceDate "2021.10.06"]
[SourceVersion "1"]
[SourceVersionDate "2021.10.06"]
[SourceQuality "1"]

1. e4 c5 2. Nf3 Nc6 3. c3 d5 4. e5 Bg4 5. Bb5 e6 6. Bxc6+ bxc6 7. h3 Bxf3 8. Qxf3 Be7 9. d4 cxd4 10. cxd4 c5 11. Be3 Qb6 12. b3 cxd4 13. Bf4 Bb4+ 14. Bd2 Bc5 15. 0-0 Ne7 16. Qg3 0-0 17. h4 Nf5 18. Qg4 Kh8 19. Bc1 a5 20. Bb2 a4 21. Nd2 Ne3 22. fxe3 dxe3 23. Rf3 exd2+ 24. Kh1 Be3 25. Rg3 Bh6 26. Rd1 Qf2 27. Bc3 Qf4 28. Bxd2 Qxg4 29. Rxg4 Bxd2 30. Rxd2 axb3 31. axb3 Rab8 32. b4 Rfc8 33. Ra2 h6 34. Ra7 Kg8 35. Kg1 Rc4 36. Rxc4 dxc4 37. Kf1 Rxb4 38. Rc7 Rb5 39. Rxc4 Rxe5 40. Kf2 Kh7 41. Kf3 Kg6 42. Rg4+ Kf6 43. Rc4 h5 44. g3 g5 45. Rb4 g4+ 46. Kf2 Kf5 47. Rf4+ Kg6 48. Rc4 Rf5+ 49. Kg2 Rf3 50. Kh2 Kf5 51. Kg2 f6 52. Kh2 e5 53. Kg2 Rd3 54. Kf2 Rd4 55. Rc3 Rd2+ 56. Kg1 Ke4 57. Kf1 f5 58. Kg1 Rd3 59. Rc4+ Kf3 60. Rc2 Kxg3 61. Rg2+ Kxh4 62. Rh2+ Kg5 63. Rg2 h4 64. Rh2 g3 65. Rg2 h3 66. Re2 Rd1+ 67. Re1 Rxe1# 0-1

[Event "ESP-ch U12"]
[Site "Salobrena"]
[Date "2021.07.07"]
[Round "5"]
[White "Jordana Nagera, Pol"]
[Black "Yeghikyan, Yeva"]
[Result "1-0"]
[WhiteElo "1298"]
[BlackElo "1184"]
[PlyCount "97"]
[EventDate "2021.07.05"]
[EventType "swiss"]
[EventRounds "9"]
[EventCountry "ESP"]
[SourceTitle "EXT 2022"]
[Source "ChessBase"]
[SourceDate "2021.10.06"]
[SourceVersion "1"]
[SourceVersionDate "2021.10.06"]
[SourceQuality "1"]

1. e4 c5 2. Nf3 Nc6 3. d4 cxd4 4. Nxd4 g6 5. Nc3 Bg7 6. Nb3 Nf6 7. Be2 0-0 8. 0-0 d6 9. Bg5 Bd7 10. Re1 a6 11. a4 Na7 12. Bf1 Bc6 13. Nd5 b5 14. Nxf6+ Bxf6 15. Bxf6 exf6 16. Nd4 Qb6 17. a5 Qb7 18. Nxc6 Qxc6 19. c3 Rfd8 20. Qd5 Qxd5 21. exd5 Re8 22. g3 Re5 23. f4 Ree8 24. Kf2 Rac8 25. Rxe8+ Rxe8 26. Re1 Rxe1 27. Kxe1 Nc8 28. c4 b4 29. c5 dxc5 30. Bxa6 Na7 31. Bb7 Kf8 32. Bc6 Ke7 33. Kd2 Kd6 34. Kd3 Nxc6 35. dxc6 Kxc6 36. Kc4 f5 37. a6 Kb6 38. a7 Kxa7 39. Kxc5 Kb7 40. Kxb4 Kb6 41. Kc4 f6 42. Kd5 g5 43. Ke6 gxf4 44. gxf4 h5 45. Kxf6 h4 46. Kxf5 Kc6 47. Ke6 h3 48. f5 Kc7 49. Ke7 1-0

[Event "ESP-ch U12"]
[Site "Salobrena"]
[Date "2021.07.05"]
[Round "1"]
[White "Yeghikyan, Yeva"]
[Black "Fernandez Ramos, Iago"]
[Result "0-1"]
[WhiteElo "1184"]
[BlackElo "1647"]
[PlyCount "124"]
[EventDate "2021.07.05"]
[EventType "swiss"]
[EventRounds "9"]
[EventCountry "ESP"]
[SourceTitle "EXT 2022"]
[Source "ChessBase"]
[SourceDate "2021.10.06"]
[SourceVersion "1"]
[SourceVersionDate "2021.10.06"]
[SourceQuality "1"]

1. e4 e5 2. Nf3 Nc6 3. Bc4 Bc5 4. c3 Nf6 5. d4 exd4 6. e5 d5 7. Bb5 Ne4 8. cxd4 Bb6 9. h3 0-0 10. 0-0 f6 11. Bxc6 bxc6 12. Be3 Bf5 13. Nc3 Nxc3 14. bxc3 Qc8 15. Qe2 Kh8 16. Nh4 fxe5 17. dxe5 Qe6 18. Nxf5 Qxf5 19. f4 Qe4 20. Rae1 Rxf4 21. Rxf4 Qxf4 22. Bxb6 axb6 23. e6 Qd6 24. Qf3 Qf8 25. Qg3 Qc5+ 26. Kh1 Qe7 27. Qf3 Re8 28. Qf5 Qf6 29. Qg4 Qxc3 30. Re2 Qf6 31. h4 Kg8 32. Re3 d4 33. Re2 d3 34. Re3 d2 35. Qd1 Qd4 36. Re2 Qxh4+ 37. Kg1 Qh6 38. e7 Qg5 39. Qb3+ Qd5 40. Qd1 Rxe7 41. Rxd2 Qc5+ 42. Kh1 Kf7 43. Qf3+ Kg6 44. Qg3+ Qg5 45. Qd3+ Kh6 46. Qh3+ Qh5 47. Qxh5+ Kxh5 48. Rc2 c5 49. a4 Kg4 50. Rc4+ Kg3 51. Rc3+ Kf2 52. Rf3+ Ke2 53. Rc3 Kd2 54. Rc4 Kd3 55. Rc1 c4 56. Kg1 c3 57. Kf2 c2 58. Ra1 Kd2 59. Ra2 Rf7+ 60. Kg1 Kd1 61. Ra1+ c1Q 62. Rxc1+ Kxc1 0-1

[Event "ESP-chT Regional U14"]
[Site "Gijon"]
[Date "2021.06.19"]
[Round "4.3"]
[White "Yeghikyan, Yeva"]
[Black "Provedo Calvo, Paula"]
[Result "1/2-1/2"]
[WhiteElo "1178"]
[BlackElo "1209"]
[PlyCount "155"]
[EventDate "2021.06.17"]
[EventType "team-swiss"]
[EventRounds "6"]
[EventCountry "ESP"]
[SourceTitle "EXT 2022"]
[Source "ChessBase"]
[SourceDate "2021.10.06"]
[SourceVersion "1"]
[SourceVersionDate "2021.10.06"]
[SourceQuality "1"]
[WhiteTeam "Valencia U14"]
[BlackTeam "La Rioja U14"]
[WhiteTeamCountry "ESP"]
[BlackTeamCountry "ESP"]

1. e4 e5 2. Nf3 Nc6 3. Bc4 Bc5 4. c3 Qf6 5. d3 h6 6. h3 Nge7 7. Be3 Bxe3 8. fxe3 Ng6 9. a3 Nh4 10. Qe2 d6 11. Nxh4 Qxh4+ 12. Qf2 Qxf2+ 13. Kxf2 Be6 14. Nd2 Na5 15. Bxe6 fxe6 16. d4 Rf8+ 17. Ke2 0-0-0 18. b4 Nc6 19. Nb3 Rf6 20. Rhf1 Rg6 21. g4 exd4 22. exd4 Rg5 23. Ke3 h5 24. Rg1 Rf8 25. gxh5 Rxh5 26. Rg3 Ne7 27. Nd2 d5 28. Ke2 dxe4 29. Nxe4 e5 30. Rf1 Re8 31. Kd3 Rd8 32. Rxg7 Rxh3+ 33. Rg3 Rh5 34. Rg5 Rh3+ 35. Rg3 Rh2 36. Rf2 Rh1 37. a4 Ra1 38. a5 Ra3 39. Kc4 b5+ 40. axb6 axb6 41. Rd2 Nc6 42. d5 Ne7 43. b5 Nf5 44. Rf3 Nd6+ 45. Nxd6+ Rxd6 46. Re2 e4 47. Rxe4 Ra4+ 48. Kd3 Rxd5+ 49. Rd4 Raxd4+ 50. cxd4 Rxb5 51. Kc4 Rb2 52. d5 Rc2+ 53. Kb5 Rc5+ 54. Kb4 Rxd5 55. Kc4 Rc5+ 56. Kb4 Kb7 57. Rf7 Ka6 58. Re7 Rc1 59. Rf7 c5+ 60. Kb3 Kb5 61. Rf5 Ka5 62. Rf4 Rb1+ 63. Ka3 Rb4 64. Rf8 c4 65. Rf5+ b5 66. Rf8 Ra4+ 67. Kb2 Kb4 68. Rf3 Ka5 69. Rc3 Rb4+ 70. Ka3 Rb3+ 71. Rxb3 cxb3 72. Kxb3 b4 73. Kb2 Ka4 74. Ka2 b3+ 75. Kb1 Kb4 76. Kb2 Kc4 77. Kb1 Kb4 78. Kb2 1/2-1/2

[Event "ESP-chT Regional U14"]
[Site "Gijon"]
[Date "2021.06.18"]
[Round "3.3"]
[White "Mullor Pena, Claudia"]
[Black "Yeghikyan, Yeva"]
[Result "1-0"]
[WhiteElo "1543"]
[BlackElo "1178"]
[PlyCount "63"]
[EventDate "2021.06.17"]
[EventType "team-swiss"]
[EventRounds "6"]
[EventCountry "ESP"]
[SourceTitle "EXT 2022"]
[Source "ChessBase"]
[SourceDate "2021.10.06"]
[SourceVersion "1"]
[SourceVersionDate "2021.10.06"]
[SourceQuality "1"]
[WhiteTeam "Andalucia U14"]
[BlackTeam "Valencia U14"]
[WhiteTeamCountry "ESP"]
[BlackTeamCountry "ESP"]

1. e4 c5 2. Nf3 Nc6 3. d4 cxd4 4. Nxd4 g6 5. Nc3 Bg7 6. Nb3 Nf6 7. Be2 d6 8. 0-0 0-0 9. Re1 a6 10. Bf1 Qc7 11. Bg5 e6 12. Qd2 b5 13. Rad1 Rd8 14. Nd4 Bb7 15. Nxc6 Bxc6 16. Qf4 Qe7 17. Re3 e5 18. Qh4 d5 19. exd5 h6 20. dxc6 hxg5 21. Qxg5 Re8 22. Qg3 Qc5 23. Qf3 b4 24. Ne4 Nxe4 25. Qxe4 a5 26. Rd7 Rac8 27. Bc4 Re7 28. Rf3 Qxc6 29. Qxc6 Rxc6 30. Bxf7+ Kf8 31. Bxg6+ Rf6 32. Rd8+ 1-0